Eurovision 2025 - Artists and Songs - Statistics

General Stats
  • This quiz has been taken 1,217 times
  • The average score is 35 of 74
Answer Stats
Country Artist & Song % Correct
Wasted Love
83%
Austria JJ
82%
Milkshake Man
80%
Zjerm
75%
Baller
74%
Australia Go-Jo
74%
Ich Komme
74%
Survivor
74%
Estonia Tommy Cash
71%
Maman
70%
Róa
69%
Hallucination
68%
Poison Cake
68%
Denmark Sissal
68%
Strobe Lights
68%
Belgium Red Sebastian
66%
Espresso Macchiato
64%
Shh
64%
Finland Erika Vikman
63%
Kiss Kiss Goodbye
62%
Laika Party
62%
Armenia Parg
61%
Iceland Væb
61%
Asteromáta
57%
Serving
57%
France Louane
56%
New Day Will Rise
56%
Ireland Emmy
55%
Lighter
54%
Run With U
54%
Germany Abor & Tynna
53%
Greece Klavdia
53%
Cyprus Theo Evan
52%
Czechia Adonxs
50%
Freedom
49%
C’est La Vie
48%
Norway Kyle Alessandro
46%
Azerbaijan Mamagama
44%
Bara Bada Bastu
42%
Gaja
41%
Italy Lucio Corsi
41%
Malta Miriana Conte
41%
Sweden KAJ
40%
Tavo Akys
40%
Netherlands Claude
38%
Israel Yuval Raphael
38%
Albania Shkodra Elektronike
37%
Tutta L’Italia
37%
Bur Man Laimi
36%
Volevo Essere Un Duro
36%
Luxembourg Laura Thorn
35%
Esa Diva
34%
Spain Melody
34%
Lithuania Katarsis
33%
Croatia Marko Bošnjak
32%
Voyage
32%
La Poupée Monte Le Son
30%
What The Hell Just Happened?
30%
Mila
29%
Portugal Napa
29%
Bird of Pray
27%
Latvia Tautumeitas
27%
United Kingdom Remember Monday
26%
Deslocado
25%
Dobrodošli
25%
San Marino Gabry Ponte
25%
Switzerland Zoë Më
25%
How Much Time Do We Have Left
21%
Georgia Mariam Shengelia
21%
Serbia Princ
21%
Ukraine Ziferblat
21%
Slovenia Klemen
19%
Montenegro Nina Žižić
19%
Poland Justyna Steczkowska
15%
No matching quizzes found
Score Distribution
Percent of People with Each Score
Percentile by Number Answered
Your Score History
You have not taken this quiz